LIBRARY & INFORMATION CENTRE, KCAET, TAVANUR

ONLINE PUBLIC ACCESS CATALOGUE (OPAC)

Food process engineering and technology (Record no. 13791)

MARC details
000 -LEADER
fixed length control field 00298nam a22001217a 4500
020 ## - INTERNATIONAL STANDARD BOOK NUMBER
ISBN 9780123736604
082 ## - DEWEY DECIMAL CLASSIFICATION NUMBER
Classification number 664.02
Item number BER/FO
100 ## - MAIN ENTRY--AUTHOR NAME
Personal name Berk, Zeki
245 ## - TITLE STATEMENT
Title Food process engineering and technology
260 ## - PUBLICATION, DISTRIBUTION, ETC. (IMPRINT)
Place of publication Amsterdam
Name of publisher Elsevier
-- Academic press
Year of publication 2009
300 ## - PHYSICAL DESCRIPTION
Number of Pages 605p
942 ## - ADDED ENTRY ELEMENTS (KOHA)
Koha item type Reference
Holdings
Withdrawn status Lost status Damaged status Collection code Home library Current library Shelving location Date acquired Source of acquisition Cost, normal purchase price Full call number Accession Number Koha item type
      Reference KAUAET KAUAET Reference1 31/03/2012 Southern Book star, Tvm 5345.70 664.02 BER/FO 23384 Reference
free website counter